| 000 | 00686 a2200193 4500 | ||
|---|---|---|---|
| 020 | _a0750309806 | ||
| 020 | _a9780750309806 | ||
| 082 | 0 | 4 | _a539.7 |
| 090 |
_c600 _d600 |
||
| 100 | 1 | _aHeyde, K. | |
| 245 | 1 | 0 |
_aBasic ideas and concepts in nuclear physics : _ban introductory approach, third edition / _cK. Heyde. |
| 250 | _a3rd ed. | ||
| 260 |
_a[S.l.] : _bTaylor & Francis, _c2004. |
||
| 300 |
_a360 p. ; _c24 cm. |
||
| 490 | 1 | _aFundamental & applied nuclear physics. | |
| 830 | 0 | _aFundamental & applied nuclear physics. | |
| 942 |
_aSNS _cBK _k539.7 HEY |
||
| 999 |
_c29230 _d29230 |
||